00417nam a2200145Ia 4500003000400000008004100004020001500045040001600060082001900076245005900095260003600154300002100190650003500211650002500246GCL140319s9999 xx 000 0 eng d a9748900754 aGCL / cGCL04a495.91321bR O10aTHE OXFORD DUDEN PICTORIAL THAI AND ENGLISH DICTIONARY a[S.N] : bRIVER BOOKS ، c2000 a22 CM ؛ cMULTI04aENCYCLOPEDIAS AND DICTIONARIES04aTHAILAND - LANGUAGES